000 01415nam a2200217Ia 4500
999 _c46173
_d46173
001 13005
003 GE_BSU
005 20240812164149.0
008 181216s2010||||ge |||||||||||||| ||geo||
020 _a9789941131349
040 _cGE_BSU
041 _ageo
080 _a811.353.1’373.2 ხ-75
100 _aხორნაული, გიგი
_94186
245 _aვაჟა-ფშაველას ონომასტიკონი /
_cგიგი ხორნაული ; რედაქტორი : ავთანდილ არაბული ; ივანე ჯავახიშვილის სახელობის სახელმწიფო უნივერსიტეტი ; ჰუმანიტარულ მეცნიერებათა ფაკულტეტის ქართული ენის ინსტიტუტთან არსებული ქართველური ონომასტიკის სამეცნიერო-კვლევითი ცენტრი.
264 _aთბილისი :
_bთბილისის უნ-ტის გამ-ბა,
_c2010.
300 _a256 გვ. ;
_c20 სმ.
653 _aვაჟა-ფშაველას ონომასტიკონი
700 _aარაბული, ავთანდილ
_eრედაქტორი
_923071
942 _cBK
_2udc